000
00275nam a22001337a 4500
020
_a
9780136024583
082
_a
629.83
100
_a
RICHARD C. DORF
245
_a
MODERN CONTROL SYSTEMS
250
_a
12TH ED.
260
_a
USA
_b
PEARSON
_c
2011
300
_a
1082
942
_c
BK
999
_c
23241
_d
23241